<?xml version="1.0" encoding="UTF-8"?>
<record
    xmlns:xsi="http://www.w3.org/2001/XMLSchema-instance"
    xsi:schemaLocation="http://www.loc.gov/MARC21/slim http://www.loc.gov/standards/marcxml/schema/MARC21slim.xsd"
    xmlns="http://www.loc.gov/MARC21/slim">

  <leader>01513nam1a22002891i 4500</leader>
  <controlfield tag="001">v19\rc\1608168</controlfield>
  <controlfield tag="005">20260406124657.0</controlfield>
  <datafield tag="035" ind1=" " ind2=" ">
    <subfield code="a">(NLR Aleph) 004729057</subfield>
  </datafield>
  <datafield tag="090" ind1=" " ind2=" ">
    <subfield code="a">4432530</subfield>
    <subfield code="c">4432530</subfield>
  </datafield>
  <datafield tag="100" ind1=" " ind2=" ">
    <subfield code="a">20061002g18971907|||y0rusy50      ca</subfield>
  </datafield>
  <datafield tag="101" ind1="0" ind2=" ">
    <subfield code="a">rus</subfield>
  </datafield>
  <datafield tag="102" ind1=" " ind2=" ">
    <subfield code="a">RU</subfield>
  </datafield>
  <datafield tag="105" ind1=" " ind2=" ">
    <subfield code="a">y   z   |||||</subfield>
  </datafield>
  <datafield tag="200" ind1="1" ind2=" ">
    <subfield code="a">&#x41E;&#x442;&#x447;&#x435;&#x442; &#x43E; &#x434;&#x435;&#x44F;&#x442;&#x435;&#x43B;&#x44C;&#x43D;&#x43E;&#x441;&#x442;&#x438; &#x421;&#x435;&#x43B;&#x44C;&#x441;&#x43A;&#x43E;&#x445;&#x43E;&#x437;&#x44F;&#x439;&#x441;&#x442;&#x432;&#x435;&#x43D;&#x43D;&#x43E;&#x433;&#x43E; &#x431;&#x44E;&#x440;&#x43E; &#x43F;&#x440;&#x438; &#x415;&#x43B;&#x438;&#x437;&#x430;&#x432;&#x435;&#x442;&#x433;&#x440;&#x430;&#x434;&#x441;&#x43A;&#x43E;&#x439; &#x443;&#x435;&#x437;&#x434;&#x43D;&#x43E;&#x439; &#x437;&#x435;&#x43C;&#x441;&#x43A;&#x43E;&#x439; &#x443;&#x43F;&#x440;&#x430;&#x432;&#x435;...</subfield>
  </datafield>
  <datafield tag="210" ind1=" " ind2=" ">
    <subfield code="a">&#x415;&#x43B;&#x438;&#x437;&#x430;&#x432;&#x435;&#x442;&#x433;&#x440;&#x430;&#x434;</subfield>
    <subfield code="d">1897-1907</subfield>
  </datafield>
  <datafield tag="215" ind1=" " ind2=" ">
    <subfield code="d">24</subfield>
  </datafield>
  <datafield tag="300" ind1=" " ind2=" ">
    <subfield code="a">&#x417;&#x430;&#x433;&#x43B;. &#x437;&#x430; 1899 &#x433;.: &#x41E;&#x431;&#x437;&#x43E;&#x440; &#x434;&#x435;&#x44F;&#x442;&#x435;&#x43B;&#x44C;&#x43D;&#x43E;&#x441;&#x442;&#x438; &#x421;&#x435;&#x43B;&#x44C;&#x441;&#x43A;&#x43E;&#x445;&#x43E;&#x437;&#x44F;&#x439;&#x441;&#x442;&#x432;&#x435;&#x43D;&#x43D;&#x43E;&#x433;&#x43E; &#x431;&#x44E;&#x440;&#x43E;...; &#x437;&#x430; 1903, 1905, 1906 &#x433;&#x433;.: &#x41E;&#x442;&#x447;&#x435;&#x442; &#x421;.-&#x445;. &#x431;&#x44E;&#x440;&#x43E;...</subfield>
  </datafield>
  <datafield tag="300" ind1=" " ind2=" ">
    <subfield code="a">&#x421; 1903 &#x433;. &#x415;&#x43B;&#x438;&#x437;&#x430;&#x432;&#x435;&#x442;&#x433;&#x440;&#x430;&#x434;&#x441;&#x43A;. &#x441;.-&#x445;. &#x431;&#x44E;&#x440;&#x43E; &#x440;&#x430;&#x437;&#x434;&#x435;&#x43B;&#x438;&#x43B;&#x43E;&#x441;&#x44C; &#x43D;&#x430; 2 &#x43E;&#x442;&#x434;-&#x43D;&#x438;&#x44F;: &#x44D;&#x43A;&#x43E;&#x43D;&#x43E;&#x43C;&#x438;&#x447;&#x435;&#x441;&#x43A;&#x43E;&#x435; &#x438; &#x442;&#x43E;&#x440;&#x433;&#x43E;&#x432;&#x43E;&#x435;. &#x421; 1907 &#x433;. &#x43E;&#x442;&#x447;&#x435;&#x442;&#x44B; &#x43A;&#x430;&#x436;&#x434;&#x43E;&#x433;&#x43E; &#x43E;&#x442;&#x434;-&#x43D;&#x438;&#x44F; &#x432;&#x44B;&#x445;&#x43E;&#x434;&#x438;&#x43B;&#x438; &#x43E;&#x442;&#x434;. &#x438;&#x437;&#x434;.</subfield>
  </datafield>
  <datafield tag="517" ind1="0" ind2=" ">
    <subfield code="a">&#x41E;&#x431;&#x437;&#x43E;&#x440; &#x434;&#x435;&#x44F;&#x442;&#x435;&#x43B;&#x44C;&#x43D;&#x43E;&#x441;&#x442;&#x438; &#x421;&#x435;&#x43B;&#x44C;&#x441;&#x43A;&#x43E;&#x445;&#x43E;&#x437;&#x44F;&#x439;&#x441;&#x442;&#x432;&#x435;&#x43D;&#x43D;&#x43E;&#x433;&#x43E; &#x431;&#x44E;&#x440;&#x43E;...</subfield>
  </datafield>
  <datafield tag="517" ind1="0" ind2=" ">
    <subfield code="a">&#x41E;&#x442;&#x447;&#x435;&#x442; &#x421;.-&#x445;. &#x431;&#x44E;&#x440;&#x43E;...</subfield>
  </datafield>
  <datafield tag="710" ind1="0" ind2="2">
    <subfield code="a">&#x415;&#x43B;&#x438;&#x437;&#x430;&#x432;&#x435;&#x442;&#x433;&#x440;&#x430;&#x434;&#x441;&#x43A;&#x43E;&#x435; &#x443;&#x435;&#x437;&#x434;&#x43D;&#x43E;&#x435; &#x437;&#x435;&#x43C;&#x441;&#x43A;&#x43E;&#x435; &#x441;&#x435;&#x43B;&#x44C;&#x441;&#x43A;&#x43E;&#x445;&#x43E;&#x437;&#x44F;&#x439;&#x441;&#x442;&#x432;&#x435;&#x43D;&#x43D;&#x43E;&#x435; &#x431;&#x44E;&#x440;&#x43E;</subfield>
    <subfield code="3">RU\NLR\AUTH\8817600</subfield>
    <subfield code="9">308421</subfield>
  </datafield>
  <datafield tag="801" ind1=" " ind2="0">
    <subfield code="a">RU</subfield>
    <subfield code="b">NLR</subfield>
    <subfield code="g">psbo</subfield>
  </datafield>
  <datafield tag="801" ind1=" " ind2="0">
    <subfield code="a">RU</subfield>
    <subfield code="b">RuMoRGB</subfield>
    <subfield code="2">psbo</subfield>
  </datafield>
  <datafield tag="801" ind1=" " ind2="1">
    <subfield code="a">RU</subfield>
    <subfield code="b">ProSoft-M</subfield>
    <subfield code="2">rusmarc</subfield>
  </datafield>
  <datafield tag="852" ind1=" " ind2=" ">
    <subfield code="a">NLR</subfield>
    <subfield code="b">&#x417;&#x435;&#x43C;</subfield>
    <subfield code="j">45-4/&#x41E;10</subfield>
  </datafield>
  <datafield tag="899" ind1=" " ind2=" ">
    <subfield code="a">RuMoRGB (1896-1906*)</subfield>
    <subfield code="j">V 262/412</subfield>
  </datafield>
  <datafield tag="942" ind1=" " ind2=" ">
    <subfield code="c">BOOK</subfield>
  </datafield>
</record>
